000 01448nam a22002777a 4500
005 20250130143927.0
008 250130b cl d|||| |||| 00| 0 spa|d
020 _a9213220235
050 0 4 _aHC130.E5
_bS67 2002
245 0 3 _aLa sostenibilidad del desarrollo en América Latina y el Caribe
_b : desafíos y oportunidades
_c / coordinación sustantiva Alicia Bárcena Ibarra, Ricardo Sánchez Sosa ; redacción Roberto Guimaráes,...[et al.] ; consultores Antonio Elizalde,...[et al.] ; colaboradores Jean Acquatella,...[et al.].
250 _a1a ed.
260 _aSantiago de Chile :
_bComisión Económica para América Latina y el Caribe (CEPAL) :
_bPrograma de las Naciones Unidas para el Medio Ambiente, Oficina Regional para América Latina y el Caribe, (PNUMA/ORPALC),
_c2002
300 _a251 p. :
_bil. ;
_c24 cm.
490 0 _aLibros de la CEPAL ;
_v68
504 _aBibliografía : p. 229-235
650 7 _2lemb
_aDesarrollo sostenible
_zAmérica Latina
650 7 _2lemb
_aDesarrollo sostenible
_zÁrea del Caribe
651 7 _2lemb
_aAmérica Latina
_xCondiciones ambientales
651 4 _aÁrea del Caribe
_xCondiciones ambientales
700 1 _aBárcena Ibarra, Alicia
_ecoordinador.
700 1 _aSánchez Sosa, Ricardo
_ecoordinador.
700 1 _aGuimaráes, Roberto
_ecolaborador
700 1 _aAcquatella, Jean
_ecolaborador
710 2 _aComisión Económica para América Latina y el Caribe
942 _2lcc
_cLIB
999 _c144740
_d144738